P S I LOVE YOU (Record no. 2242)
[ view plain ]
| 000 -LEADER | |
|---|---|
| fixed length control field | 00620nam a22001457a 4500 |
| 020 ## - INTERNATIONAL STANDARD BOOK NUMBER | |
| ISBN | 978-0-00-727010-1 |
| 082 ## - DEWEY DECIMAL CLASSIFICATION NUMBER | |
| Classification number | 823 |
| Item number | AHE/P |
| 100 ## - MAIN ENTRY--AUTHOR NAME | |
| Personal name | CECELIA AHERN |
| 245 ## - TITLE STATEMENT | |
| Title | P S I LOVE YOU |
| 260 ## - PUBLICATION, DISTRIBUTION, ETC. (IMPRINT) | |
| Place of publication | LONDON |
| Name of publisher | HARPER COLLINS |
| 300 ## - PHYSICAL DESCRIPTION | |
| Number of Pages | 503 |
| 520 ## - SUMMARY, ETC. | |
| Summary, etc | P.S. I Love You follows Holly Kennedy through her most difficult moments as she tries to process the all-consuming grief she faces at the loss of her husband, Gerry. The pair were inseparable since their relationship began and up until his death which left Holly inconsolable and lost in her new life as a widowed woman. |
| 650 ## - SUBJECT ADDED ENTRY--TOPICAL TERM | |
| Topical Term | NOVEL |
| Geographic subdivision | LONDON |
| 942 ## - ADDED ENTRY ELEMENTS (KOHA) | |
| Koha item type | Books |
| Withdrawn status | Lost status | Collection code | Home library | Current library | Shelving location | Date acquired | Source of acquisition | Cost, normal purchase price | Full call number | Accession Number | Koha item type |
|---|---|---|---|---|---|---|---|---|---|---|---|
| Fiction | Main Library | Main Library | SHELF-2-D ENGLIAH NOVELS FOR TEACHERS | 21/04/2015 | PURCHASE | 299.00 | 823 AHE/P | 08496 | Books |